Privilegios : Código Civil y Comercial de la Nación y Ley 24.522 /
Guardado en:
| Autor Principal: | |
|---|---|
| Formato: | Libro |
| Idioma: | Spanish |
| Publicado: |
Ciudad Autónoma de Buenos Aires :
La Ley,
2015.
|
| Edición: | 1a. ed. |
| Materias: | |
| Etiquetas: |
Agregar Etiqueta
Sin Etiquetas, Sea el primero en etiquetar este registro!
|
| LEADER | 00577nam a22001695a 4500 | ||
|---|---|---|---|
| 001 | DER.der012918 | ||
| 008 | 180615s2015####ag#||||||||||||||#||spa|| | ||
| 005 | 20241031124320.0 | ||
| 245 | 1 | 0 | |a Privilegios : |b Código Civil y Comercial de la Nación y Ley 24.522 / |c Dario J. Graziabile |
| 250 | |a 1a. ed. | ||
| 260 | |a Ciudad Autónoma de Buenos Aires : |b La Ley, |c 2015. | ||
| 300 | |a 480 p. | ||
| 020 | |a 9789870329138 | ||
| 100 | 1 | |a Graziabile, Dario J. | |
| 650 | 7 | |a DERECHO CONCURSAL | |
| 859 | |a DERECHO |b BIB. DERECHO |h 346.07 |i GRA |p 007735 | ||
| 859 | |a DERECHO |b BIB. DERECHO |h 346.07 |i GRA |p 008115 |t 1 | ||
